| 000 | 00430nam a2200193Ia 4500 | ||
|---|---|---|---|
| 008 | 240510s9999 xx 000 0 und d | ||
| 020 | _a0000672304945 | ||
| 041 | _aEng | ||
| 082 | _a005.74 | ||
| 082 | _bJ55 | ||
| 100 | _aTONES,EDWARD | ||
| 245 | 0 | _aACCESS 2 UNLEASHED | |
| 260 | _bSAMS : INDIANAPOLIS | ||
| 260 | _c1994 | ||
| 300 | _a810 p. | ||
| 650 | _aDATABASE MANAGEMENT : ACCESS | ||
| 942 | _2ddc | ||
| 942 | _cLBK | ||
| 999 |
_c24127 _d24127 |
||
| 945 |
_a1 _bMadushi Gamage _c1 _dMadushi Gamage |
||